01928cas a2200421 450000100090000000300060000900500170001500700030003200800410003501000310007602200170010703500240012403700100014804000830015804200140024105000150025511000760027021000310034622200400037724500410041726000680045830000220052631000380054832100290058636200160061544000620063150000650069350002980075859001030105665000340115965000480119370000330124190600450127493600320131994200300135199900170138195201080139810545037AUA.120130528121408.0t|850720c19639999miufr p 0 a0eng c a 74645601 zsc 76000812  a0003-298021 a(OCoLC)ocm01780045  b49104 aMnMULScMnMULSdMBTIdNSDPdDLCdOCoLCdAIPdNSDPdAIPdOCoLCdDLCdTNJdOCoLC ansdpapcc00aBR1b.A53a2 aAndrews University.bSeventh-Day Adventist Theological Seminary.9366380 aAndrews Univ. Semin. stud. 0aAndrews University Seminary studies10aAndrews University Seminary studies. aBerrien Springs, Mich.,bAndrews University Press.cAutumn 2010 bill.c23 cm.av.: a2 issues yearly,b aFrequency varies,b1963-0 aAutumn 2010 aAndrews University Seminary studies.vVol.48, No.2936639 a"Journal of the Seventh-Day Adventist Theological Seminary." aContents: The parian marble and other surprises from chronologist V. Couke; A dog under the table at the Messianic Banquet: A study of Mark 7:24-30; Investigating the presuppositional realm of biblical-theological methodology, Part IV: Critique and transformation; Dissertations and abstracts; aAnnual, 1963-64; 2 no. a year, 1965-. "Journal of the Seventh-day Adventist Theological Seminary." 0aTheologyvPeriodicals.936640 0aTheological seminariesxPeriodicals.936641 aJohn W. ReeveeEditor936642 a7bcbccserialsduencipf19gn-oclcserc aSpring 1995 (surrogate) LIC 2lcccPERhBR1i.A53a 2010 c10232d10232 00102lcc4070aAUA.1bAUA.1cPERd2013-05-28l0oBR1 .A53a 2010r2013-05-28 00:00:00w2013-05-28yPER